| Tag |
First Indicator |
Second Indicator |
Subfields |
| LEADER |
00000cam a22000001i 4500 |
| 001 |
in00003946813 |
| 006 |
m d f |
| 007 |
cr bn mmmapmmp |
| 008 |
411025s1941 dcu o f000 0 eng d |
| 005 |
20250210234013.5 |
| 035 |
|
|
|a ebd1943000928
|
| 040 |
|
|
|a UMI
|c UMI
|e rda
|d UtOrBLW
|
| 086 |
0 |
|
|a L 2.10:8/11
|
| 099 |
|
|
|a L2.10..8_11
|
| 110 |
1 |
|
|a United States.
|b Bureau of Labor Statistics.
|0 http://id.loc.gov/authorities/names/n79076159
|
| 245 |
1 |
0 |
|a Labor information bulletin, November 1941.
|
| 264 |
|
1 |
|a [Washington] :
|b [s.n.],
|c 1941.
|
| 300 |
|
|
|a 1 online resource (20 pages), digital, PDF file
|
| 336 |
|
|
|a text
|b txt
|2 rdacontent
|
| 337 |
|
|
|a computer
|b c
|2 rdamedia
|
| 338 |
|
|
|a online resource
|b cr
|2 rdacarrier
|
| 500 |
|
|
|a Contains the following articles:
|
| 533 |
|
|
|a Electronic reproduction.
|b [Bethesda, Md.] :
|c ProQuest,
|d 2016
|e digital, PDF file.
|n ProQuest U.S. Executive Branch Documents
|n Mode of access: World Wide Web via ProQuest website.
|
| 588 |
|
|
|a Record is based on online resource; title from PDF title page (ProQuest, last viewed Nov. 2016). Reuse except for individual research requires license from ProQuest, LLC.
|
| 650 |
|
0 |
|a Silk.
|0 http://id.loc.gov/authorities/subjects/sh85122543
|
| 650 |
|
0 |
|a Labor laws and legislation.
|0 http://id.loc.gov/authorities/subjects/sh85073691
|
| 650 |
|
0 |
|a Labor unions.
|0 http://id.loc.gov/authorities/subjects/sh85136516
|
| 650 |
|
0 |
|a Prisons.
|0 http://id.loc.gov/authorities/subjects/sh85106996
|
| 856 |
4 |
0 |
|u http://proxy.library.tamu.edu/login?url=http://congressional.proquest.com/congressional/docview/t66.d71.l2.10..8_11?
|y Electronic resource (PDF)
|t 0
|
| 999 |
f |
f |
|s aafec11a-00ef-36ad-8637-9afad7e46e04
|i 66a370d8-a806-375a-8232-42ea0595ce96
|t 0
|
| 952 |
f |
f |
|a Texas A&M University
|b College Station
|c Electronic Resources
|d Available Online
|t 0
|h No information provided
|
| 998 |
f |
f |
|t 0
|l Available Online
|